[Event "Loire-ch op 0405"]
[Site "Loire"]
[Date "2004.11.27"]
[Round "4"]
[White "Bruyas, Benjamin"]
[Black "Giroux, Sylvain"]
[Result "1-0"]
[WhiteElo "1320"]
[BlackElo "1399"]
[PlyCount "29"]
[EventDate "2004.10.16"]
[EventType "swiss"]
[EventRounds "9"]
[EventCountry "FRA"]
[SourceTitle "EXT 2008"]
[Source "ChessBase"]
[SourceDate "2007.11.25"]
[SourceVersion "1"]
[SourceVersionDate "2007.11.25"]
[SourceQuality "1"]

1. Nf3 d5 2. c4 Nf6 3. cxd5 Nxd5 4. Nc3 Nxc3 5. bxc3 g6 6. d4 Bg7 7. e4 c5 8. Bc4 Bg4 9. Be3 Nc6 10. 0-0 cxd4 11. cxd4 Nxd4 12. Bxd4 Bxd4 13. Bb5+ Kf8 14. Qxd4 Bxf3 15. Qxh8# 1-0